FC Inter Milan - Hall Of Fame - Statistics

Statistiche generali
  • Questo quiz è stato fatto 138 volte
  • Il punteggio medio è 12 su 20
Statistiche sulle risposte
Players % Corretto
Javier Zanetti
94%
Diego Milito
87%
Ronaldo
77%
Julio Cesar
72%
Samuel Eto'o
72%
Esteban Cambiasso
70%
Giuseppe Bergomi
68%
Giuseppe Meazza
67%
Christian Vieri
60%
Wesley Sneijder
60%
Maicon
57%
Marco Materazzi
53%
Sandro Mazzola
52%
Giacinto Facchetti
51%
Dejan Stankovic
50%
Walter Zenga
50%
Francesco Toldo
46%
Lothar Matthäus
45%
Gianluca Pagliuca
23%
Ivano Bordon
5%
Nessun quiz corrispondente trovato
Distribuzione punteggi
Percentuale di utenti per punteggio
Percentile per numero di risposta
I tuoi punteggi nel tempo
Non hai fatto questo quiz